QUEST Central Library Banner

Flexural Behavior of Reinforced FLY ASH Concrete Beam by Using Different Sizes of Coarse Aggregate (Record no. 67303)

MARC details
000 -LEADER
fixed length control field 00412nam a22001217a 4500
100 ## - MAIN ENTRY--AUTHOR NAME
Personal name Dileep Kumar
-- 16CE29
245 ## - TITLE STATEMENT
Title Flexural Behavior of Reinforced FLY ASH Concrete Beam by Using Different Sizes of Coarse Aggregate
260 ## - PUBLICATION, DISTRIBUTION, ETC. (IMPRINT)
Place of publication Nawabshah
Name of publisher QUEST
Year of publication 2019
300 ## - PHYSICAL DESCRIPTION
Number of Pages 33p.
650 ## - SUBJECT ADDED ENTRY--TOPICAL TERM
Topical Term Concrete Beam
-- Flexural Behavior of Reinforced FLY ASH
700 ## - ADDED ENTRY--PERSONAL NAME
Personal name Department of Civil Engineering
942 ## - ADDED ENTRY ELEMENTS (KOHA)
Koha item type Thesis and Dissertation
Holdings
Withdrawn status Lost status Home library Current library Date acquired Accession Number Koha item type
    Research Section Research Section 08/09/2021 CEP/55-692 Thesis and Dissertation

Copyright © 2018,The QUEST, Nawabshah, Shaheed Benazirabad. All rights reserved
Mr. G. Farooq Channar (Librarian) QUEST, Nawabshah, Sindh, Pakistan 67480.
 Ph#: |   0244-9370381-4 Ext. 2308   Email| lib@quest.edu.pk   Web|  http://www.quest.edu.pk